000 00569cam a2200205 4500
001 B2562
008 090401t1988 xxu||||| |||| 00| 0 eng d
035 _a(Sirsi) u50852
041 _aeng
050 _a368.5
090 _aRICS 1988/64A
110 _aRoyal Institution of Chartered Surveyors
_94900
245 _aProposed RICS master policy : a discussion paper
260 _aLondon
_bRoyal Institution of Chartered Surveyors
_c1988
300 _a20p. ; 30cm.
350 _a0
650 _aPROFESSIONAL INDEMNITY INSURANCE
942 _n0
948 _c04/03/1997
999 _c92761
_d92761